Anni di piombo /
Guardat en:
| Autor principal: | |
|---|---|
| Format: | Llibre |
| Idioma: | italià |
| Publicat: |
Milano :
Ubulibri,
1982
|
| Col·lecció: | Nuovo cinema tedesco
|
| Matèries: | |
| Etiquetes: |
Sense etiquetes, Sigues el primer a etiquetar aquest registre!
|
MARC
| LEADER | 00000nam a22000007i 4500 | ||
|---|---|---|---|
| 001 | IT\ICCU\MOD\0271630 | ||
| 003 | ItRI | ||
| 005 | 20260115232217.0 | ||
| 008 | 010330s1982 it |||||| ||||| |||||c | ||
| 040 | |b ita |c importazione bologna sebina | ||
| 041 | 7 | |a ita |2 ISO-639-2 | |
| 082 | |a 791.437 |9 CINEMA. FILM |2 21 | ||
| 100 | 1 | |a Trotta, Margarethe : von |0 IT\ICCU\CFIV\086910 |4 aut | |
| 240 | 1 | 4 | |a Die bleierne Zeit. Ein Film von Margarethe von Trotta |3 IT\ICCU\TO0\0960385 |
| 245 | 1 | 0 | |a Anni di piombo / |c Margarethe von Trotta. |
| 260 | |a Milano : |b Ubulibri, |c 1982 | ||
| 300 | |a XIX, 176 p. : |b ill. ; |c 22 cm. | ||
| 650 | 7 | |a Anni di piombo <film> |x Sceneggiatura |2 scbi | |
| 752 | |a it |d Milano | ||
| 830 | 0 | |a Nuovo cinema tedesco |0 IT\ICCU\RAV\0008706 | |
| 942 | |2 ddc |c BK |n 0 | ||
| 952 | |0 0 |1 0 |4 0 |6 DOC_791_430000000000000_ANN |7 0 |9 22040 |a BO |b BO |d 2026-01-15 |i 8598 |l 0 |o DOC 791.430 ANN |p BO8598 |r 2026-01-15 23:22:17 |w 2026-01-15 |x [Sebina 5] [1 v.] |y BK |z 1 v. | ||
| 999 | |c 18840 |d 18840 | ||